The Abyssinian crisis.

Bibliographic Details
Main Author: Hardie, Frank
Format: Book
Language:English
Published: [Hamden, Conn.] : Archon Books, 1974.
Subjects:

MARC

Tag First Indicator Second Indicator Subfields
LEADER 00000pam a2200000 4500
001 in00000283413
005 20151010091253.0
008 731129s1974 ctub b 00100 eng d
010 |a  73021577  
020 |a 0208014357 
035 |a (OCoLC)00763674 
035 |9 ABG5428AM 
040 |a DLC  |c DLC  |d TXA  |d UtOrBLW 
043 |a e-it---  |a f-et---  |a e-uk--- 
049 |a TXAM  |c [719097] 
050 0 0 |a DT387.8  |b .H34 
082 0 |a 963/.056 
100 1 |a Hardie, Frank. 
245 1 4 |a The Abyssinian crisis. 
264 1 |a [Hamden, Conn.] :  |b Archon Books,  |c 1974. 
300 |a 294 pages :  |b map. 
336 |a text  |b txt  |2 rdacontent 
337 |a unmediated  |b n  |2 rdamedia 
338 |a volume  |b nc  |2 rdacarrier 
504 |a Bibliography: pages 253-256. 
610 2 0 |a League of Nations. 
650 0 |a Italo-Ethiopian War, 1935-1936  |x Diplomatic history. 
651 0 |a Great Britain  |x Foreign relations  |y 1910-1936. 
999 |a MARS 
999 f f |s 7361c23d-505b-3e0e-9414-b4997e4ab84e  |i 1e73bbf7-8334-38aa-8eb8-f38197a2c2f0  |t 0 
952 f f |p normal  |a Texas A&M University  |b College Station  |c Sterling C. Evans Library  |d Evans: Library Stacks  |t 0  |e DT387.8 .H34  |h Library of Congress classification  |i unmediated -- volume  |m A14802093195 
998 f f |a DT387.8 .H34  |t 0  |l Evans: Library Stacks